<?xml version="1.0" encoding="UTF-8"?>
<marc:record xmlns:marc="http://www.loc.gov/MARC21/slim">
   <marc:leader>00000nam a2200000 a 4500</marc:leader>
   <marc:datafield ind1="1" ind2=" " tag="100">
      <marc:subfield code="a">Krause, Ute</marc:subfield>
      <marc:subfield code="4">aut</marc:subfield>
      <marc:subfield code="e">Verfasser/-in</marc:subfield>
   </marc:datafield>
   <marc:datafield ind1="1" ind2=" " tag="100">
      <marc:subfield code="a">Palanza, Dorothy</marc:subfield>
      <marc:subfield code="4">aut</marc:subfield>
      <marc:subfield code="e">Verfasser/-in</marc:subfield>
   </marc:datafield>
   <marc:datafield ind1=" " ind2=" " tag="653">
      <marc:subfield code="a">Ostern</marc:subfield>
   </marc:datafield>
   <marc:datafield ind1="0" ind2="0" tag="245">
      <marc:subfield code="a">Helma legt los</marc:subfield>
   </marc:datafield>
   <marc:datafield ind1="0" ind2="0" tag="245">
      <marc:subfield code="c">Ute Krause ; Dorothy Palanza</marc:subfield>
   </marc:datafield>
   <marc:datafield ind1=" " ind2="1" tag="264">
      <marc:subfield code="a">Hamburg</marc:subfield>
      <marc:subfield code="b">Oetinger</marc:subfield>
      <marc:subfield code="c">2003</marc:subfield>
   </marc:datafield>
   <marc:datafield ind1="1" ind2=" " tag="520">
      <marc:subfield code="a">Hennenmädchen Helma hat ein Problem: sie kann nur bunte und keine weißen Eier legen. Diese Eigenschaft macht sie sehr unglücklich. Als sie eines Tages zur Osterschau ihre weißen Eier vorzeigen soll, bleibt ihr nichts anderes übrig, als die Schale einer ihrer Eier in einer heimlichen Nachtaktion weiß einzufärben und, als Osterhase verkleidet, die bunten Eier in der Umgebung zu verstecken. Am nächsten Tag finden die Nachbarstiere die bunten Eier und freuen sich sehr, dabei entsteht das Gerücht von einem seltsamen Osterhasen. Helmas weißes Ei kommt zunächst gut an, jedoch wird die Farbe abgewaschen und der Schwindel fliegt auf. Als Helma dann vorführen soll, wie sie bunte Eier legt, da legt sie (endlich) ein weißes und ist glücklich, auch wenn ihr die anderen Tiere ihre Geschichte nicht glauben. Zum nächsten Osterfest will Helma die anderen Tiere wieder erfreuen: diesmal bemalt sie ihre astreinen weißen Eier mit bunten Farben. E</marc:subfield>
   </marc:datafield>
   <marc:datafield ind1=" " ind2=" " tag="020">
      <marc:subfield code="a">378917002X</marc:subfield>
      <marc:subfield code="9">378917002X</marc:subfield>
   </marc:datafield>
</marc:record>
